000 00503nam a22001937a 4500
003 MPLRDC
005 20220105061118.0
008 210129b ||||| |||| 00| 0 eng d
020 _a978-7-5321-3162-4
082 _a827.2 YZT v.2
100 _a易中天
245 _a品三国. 下
_c
250 _a初版一刷
260 _a中国
_b上海文艺出版社
_c2007
300 _b
520 _a上架 2017-07-06。
650 _a中国古体小说论--三国演义
942 _cBK
_o827.2 YZT v.2
999 _c68977
_d68967